Evaluating the global warming impact of palm oil production. 1. A Field model (Record no. 58885)

MARC details
000 -LEADER
fixed length control field 00502nam a2200181Ia 4500
100 ## - MAIN ENTRY--AUTHOR NAME
Personal name Henson Ian E
245 #0 - TITLE STATEMENT
Title Evaluating the global warming impact of palm oil production. 1. A Field model
260 ## - PUBLICATION, DISTRIBUTION, ETC. (IMPRINT)
Name of publisher The Planter
Year of publication 2009
300 ## - PHYSICAL DESCRIPTION
Number of Pages 193-211
650 ## - SUBJECT ADDED ENTRY--TOPICAL TERM
Topical Term Carbon sequestration
650 ## - SUBJECT ADDED ENTRY--TOPICAL TERM
Topical Term Greenhouse gas emission
650 ## - SUBJECT ADDED ENTRY--TOPICAL TERM
Topical Term Land use change
650 ## - SUBJECT ADDED ENTRY--TOPICAL TERM
Topical Term Oil palm
650 ## - SUBJECT ADDED ENTRY--TOPICAL TERM
Topical Term Single crop model
700 ## - ADDED ENTRY--PERSONAL NAME
Personal name Chang K C
942 ## - ADDED ENTRY ELEMENTS (KOHA)
Koha item type Journals
Holdings
Withdrawn status Lost status Damaged status Not for loan Home library Current library Shelving location Date acquired Serial Enumeration / chronology Koha item type
      Journals RRII Library RRII Library Rubber alert 22/10/2009 Volume 85, Issue 997 Journals